000 00783nam a2200217Ii 4500
003 JO-AjNU
008 230605s9999||||xx |||||||||||||| ||und||
017 _a2008/5/1372
040 _aJO-AjNU
_bara
_erda
_cJO-AjNU
041 _aara
050 1 4 _aHF 5485.Z8222.2009
100 3 _aالزعبي، علي فلاح,
_eauthor
_928686
245 0 0 _aادارة المبيعات:منظور تطبيقي وظيفي
250 _aط العربية
264 3 1 _aعمان:دار اليازوري العلمية للنشر والتوزيع؛2009
300 _a400ص
_bيحتوي على ببلوغرافية من ص397-440ص
336 _atext
_btxt
_2rdacontent
337 _aunmediated
_bn
_2rdamedia
338 _avolume
_bnc
_2rdacarrier
650 4 _aادارة المبيعات
_928687
999 _aA11157
_c14725
_d14725